Państwa, których nazwy są imionami obywateli Polski - Statystyki

Ogólne statystyki
  • Ten quiz został rozwiązany 3 043 razy
  • Średni wynik to 6 z 21
Statystyki odpowiedzi
Płeć Liczba osób Odpowiedź % Poprawnych
Mężczyzna 17 261 Kuba
83%
Kobieta 123 116 Dominika
78%
Mężczyzna 71 Izrael
33%
Mężczyzna 2 Oman
33%
Kobieta 30 Dania
32%
Kobieta 2 Iran
32%
Kobieta 7 Libia
28%
Kobieta 9 Kenia
24%
Mężczyzna 2 Peru
24%
Mężczyzna 3 Liban
23%
Kobieta 2 Syria
22%
Kobieta 14 Mali
21%
Mężczyzna 9 Sudan
20%
Mężczyzna 2 Nepal
18%
Mężczyzna 44 Salwador
18%
Mężczyzna 2 Togo
17%
Kobieta 3 Tunezja
17%
Kobieta 2 Estonia
15%
Kobieta 4 Grenada
14%
Mężczyzna 3 Ghana
13%
Mężczyzna 2 Mauritius
7%
Nie znaleziono quizów pasujących do podanych kryteriów
Rozkład punktacji
Procent ludzi z każdym wynikiem
Percentyl według liczby udzielonych odpowiedzi
Twoja historia wyników
Nie rozwiązałeś tego quizu